000 00528nam a2200181Ia 4500
003 IN-BaIIA
008 211028s9999 xx 000 0 eng d
020 _a0-12-100560-7
040 _cIIA Library
080 _a517.91
_bBIR
100 _aBirkhoff, Garrett
_914175
245 0 _aElliptic problem solvers II
_cGarrett Birkhoff
260 _aOrlando
_bAcademic Press
_c1984
300 _axiii, 573p.
650 _aDifferential Equations
_91510
650 _aNASA Thesaurus
942 _cBK
999 _c8460
_d8460